| 000 | 01034nam a22003255a 4500 | ||
|---|---|---|---|
| 001 | 013271954 | ||
| 003 | OSt | ||
| 005 | 20180115132951.0 | ||
| 008 | 050811s1989 ja a gr 000 0 eng d | ||
| 020 | _a0870119338 (U.S.) | ||
| 020 | _a4770014333 (Jaban) | ||
| 040 |
_aEG-ScBUE _beng _cEG-ScBUE |
||
| 041 | 1 |
_aeng _hjpn |
|
| 082 | 0 | 4 |
_a635.97720952 _bCLA _222 |
| 130 | 0 |
_aNihon bonsai suiseki meihin taikei. _lEnglish. |
|
| 245 | 1 | 0 |
_aClassic bonsai of Japan / _ctranslated by John Bester. |
| 250 | _a1st printing. | ||
| 260 |
_aTokyo ; _aLondon : _bKodansha International, _c1989. |
||
| 300 |
_a188 p. : _bill., (some col.) ; _c32 cm. |
||
| 500 | _aPrevious ed.: ie deluxe ed. 1989. | ||
| 541 | _aJapan foundation ; | ||
| 546 | _aText in English ; translated from Japanese. | ||
| 650 | 7 |
_aBonsai _vPictorial works. _2BUEsh |
|
| 650 | 7 |
_aBonsai. _2BUEsh |
|
| 651 | _2BUEsh | ||
| 653 |
_bGGEN _cJanuary2018 |
||
| 700 | 1 |
_aBester, John, _etranslator. |
|
| 710 | 2 | _aNippon Bonsai Association. | |
| 942 | _2ddc | ||
| 999 |
_c25942 _d25914 |
||